| 000 | 00734nam a2200229 a 4500 | ||
|---|---|---|---|
| 005 | 20210223132909.0 | ||
| 008 | 160429s2008 mx r 000 0 spa d | ||
| 020 | _a9788466211666 | ||
| 035 | _aUPN01000209939 | ||
| 049 | _aI | ||
| 050 | 4 |
_aT339 _bI5.8 |
|
| 245 | 0 | 0 |
_aInventos y transportes / _ced. Azucena Merino ; tr. de Aliocia de la Peña ; il de Elisabetta Ferrero. |
| 260 |
_aMadrid : _bLIBSA, _c2008. |
||
| 300 |
_a48 p. : _bil. |
||
| 440 | 0 | _aBiblioteca Visual Juvenil | |
| 534 |
_pTítulo original : _tTechnology & Transport |
||
| 650 | 4 |
_aINVENTOS - _vLITERATURA INFANTIL _911235 |
|
| 650 | 4 |
_aCOMUNICACIONES Y TRANSITO _99915 |
|
| 650 | 4 |
_aELECTRONICA _920310 |
|
| 700 | 1 |
_aMerino, Azucena, _eed. |
|
| 905 | _aInfantil | ||
| 999 |
_c182040 _d182040 |
||